000 03057nam0a2200349 4500
001 RU\NLR\BIBL_A\016211861
005 20230314092616.0
010 _a978-5-17-146167-6
_93000
021 _aRU
_bКН-П-22-072394
_9КН-П-22-6299
035 _a(NLR Aleph) 016211861
035 _a(RuMoRGB)011294550
090 _a12709802
_c12709802
100 _a20221118d2022 m y0rusy50 ca
101 1 _arus
_cspa
102 _aRU
105 _ay z 000ay
181 0 _ai
_baxxe
182 0 _an
200 1 _aЭлита
_iНа дне класса
_eроман
_fАбриль Замора
_gпер. с исп. Н. Петровской
203 _aТекст
_bвизуальный
_cнепосредственный
210 _aМосква
_cАСТ
_d2022
215 _a382, [1] с.
_d21
225 1 _aОригинальный сериал Netflix
330 _aЧем заняты ученики элитной школы после учебы? Какие тайны скрываются за закрытыми дверями красивых домов? Убийство школьницы заставит всех раскрыть свои секреты! Марина - она была как солнце, освещавшее всех своей улыбкой. Смелая, красивая, популярная и богатая. Кто и зачем убил ее? Оказалось, это мог сделать почти каждый из ее одноклассников, ведь у каждого был мотив. Четверо подростков, не самых популярных в школе. Паула - красивая, но скучная. У нее хорошая семья, заботливые родители, она беспроблемная дочь. Девушка влюбляется в новенького в классе. Самуэль - официант из бедной семьи. Паула становится им одержима... и начинает следить за ним. Но, к сожалению, Самуэль увлечен Мариной. Горка - единственный парень в компании, только его это совсем не смущает. Мелена - дочь когда-то известной модели и королевы красоты, которая опустилась на дно, продаваясь богатым мужчинам. Мелена не знает, что такое любовь матери. Джанин - смешная девчонка, которую считают толстой и некрасивой и совсем не принимают в обществе элиты
333 _a18+
686 1 _aШ6(4Ис)67-440.4{Лх1569-50}
700 1 _7ca
_8rus
_aЗамора
_bА.
_f1981-
_gАбриль
_9253544
_3RU\NLR\AUTH\770253600
942 _cBOOK
980 _aNB